00734nam a2200241 a 4500001001300000003000900013005001700022008004100039020001000080082001300090100002000103245005800123260004700181300000900228500003500237505004000272650002100312700002000333902000800353942000700361952010900368999001500477nice12345678IN_TiNIC20260116011657.0050524s1965 mada grp 000 0 eng  ac4.500a241bSAM aSambayya, Emani aFaith and Conductb an Introduction to Moral Theology aMadrasbChristian Literature Societyc1965 a248p aincludes index and biblioraphy2 athe Christian student`library No.10 aChristian-Ethics1 aSambayya, Emani bSRS cBK 001040708StackRoom-aHMIbHMId2008-03-06g4.50l0o241 SAMp08520r2018-11-08v4.50w2005-05-24yBK c3341d3341